000 00385pam a2200157a 44500
008 230405s1995 xxu||||| |||| 00| 0 eng d
041 _aENG
100 _aShakesspere, W. (Ed. Verity.)
245 _aAmidsummer Nights Dream
260 _abombay
_bMacmilan
_c1995
300 _a163p.
440 _aSource =ratnakar miraj
650 _aENGLISH
690 _aENGLISH
906 _a2655
999 _c782879
_d782879